00709nam a2200217Ia 4500008004100000050001800041050001500059100002400074245005000098245011900148245002400267260003100291260001000322260001000332300001500342300002000357300001100377500005600388521002800444999001900472170504s9999 xx 000 0 und d aHF 5415.1265  b.B173 2016 aBalbontin, Hosen R. 4aThe effectiveness of social media marketing : ban assessment on southville students' awareness, attitude, and responsiveness in participating in a campus event / cHosen R. Balbontin. aLas Piñas, Philippines : bSISC, c2016. a53 pages : billustrations ; c28 cm. aIncludes bibliographical references and appendices. aBusiness Administration c329785d329785